[Event "Napoli Natale al Vomero 2nd"]
[Site "Napoli"]
[Date "2005.11.25"]
[Round "4"]
[White "Romano, Emanuele"]
[Black "Panico, Antonio"]
[Result "0-1"]
[WhiteElo "1440"]
[BlackElo "1476"]
[PlyCount "26"]
[EventDate "2005.11.03"]
[EventType "swiss"]
[EventRounds "6"]
[EventCountry "ITA"]
[SourceTitle "EXT 2018"]
[Source "ChessBase"]
[SourceDate "2017.10.13"]
[SourceVersion "1"]
[SourceVersionDate "2017.10.13"]
[SourceQuality "1"]

1. e4 c6 2. d3 d5 3. Nd2 dxe4 4. dxe4 Nf6 5. Ngf3 Bg4 6. Be2 e6 7. c3 Nbd7 8. 0-0 Qc7 9. Qc2 0-0-0 10. Nc4 Nc5 11. e5 Bf5 12. Nd6+ Bxd6 13. exd6 Rxd6 0-1